Comportamiento de las organizaciones
محفوظ في:
| المؤلفون الرئيسيون: | , |
|---|---|
| التنسيق: | كتاب |
| اللغة: | الإسبانية |
| منشور في: |
Madrid
McGraw Hill
1997
|
| الموضوعات: | |
| الوسوم: |
إضافة وسم
لا توجد وسوم, كن أول من يضع وسما على هذه التسجيلة!
|
MARC
| LEADER | 00000nam a2200000 a 4500 | ||
|---|---|---|---|
| 001 | UCS9513 | ||
| 003 | CL-VaPUC | ||
| 008 | 971121e19970000SP |||||||||||||||||spa|d | ||
| 082 | 0 | 4 | |a 658.409 |b KRE |2 21 |
| 100 | |a Kreitner, Robert |e author |9 408272 | ||
| 700 | |a Kinicki, Angelo |e author |9 488858 | ||
| 245 | 1 | 0 | |a Comportamiento de las organizaciones |
| 300 | |a 661 p | ||
| 942 | |c BK | ||
| 945 | |d 19971121 00:00:00 |a jquezada | ||
| 260 | |a Madrid |b McGraw Hill |c 1997 | ||
| 650 | 7 | |a CONDUCTA ORGANIZACIONAL |2 CL-VaPUC |9 263671 | |
| 650 | 0 | |a Procesos sociales |9 337802 | |
| 650 | 0 | |a Toma de decisiones |9 257530 | |
| 650 | 0 | |a Organización |9 256369 | |
| 650 | 7 | |a PROCESOS DE COMUNICACION |2 CL-VaPUC |9 369288 | |
| 650 | 0 | |a Liderazgo |9 271835 | |
| 583 | |a last modification |c 19971121 00:00:00 |k Rodrigo Vera | ||
| 999 | |c 263300 |d 263298 | ||
| 952 | |0 0 |1 0 |4 0 |6 658_409000000000000_KRE_1997 |7 0 |8 A |9 292522 |a BIBENE |b BIBENE |d 2019-11-19 |i 3366499 |o 658.409 KRE 1997 |p 3366499 |r 2025-01-15 |w 2019-11-19 |y BK |k ICO | ||